000 00349pab a2200145 454500
008 180718b1989 xxu||||| |||| 00| 0 eng d
100 _aGibson, John
245 _aThe presentation of the poll tax
260 _c1989
300 _a332-48
362 _aJul.-Sept.
650 _aPoll Tax - U.K
773 _aThe Political Quarterly
909 _a15428
999 _c15428
_d15428